000 00453nam a2200193Ia 4500
008 210210b1960 xxu||||| |||| 00| 0 eng d
041 _aeng
082 _a336/44
100 _aBRITISH INFORMATION
245 _aEconomic development in the Commonwealth
260 _aIndia
_b-
_c1960
650 _athe
650 _ain
650 _aEconomic
650 _adevelopment
650 _aCommonwealth
690 _aEconomic History
906 _a004781
999 _c128065
_d128065